Central Library OPAC University of Rajshahi

উমাইয়া খলিফা আব্দুল মালিকের আরবীয়করণ নীতি ও প্রশাসন ব্যবস্থা / (Record no. 37169)

MARC details
000 -LEADER
fixed length control field 01900ntm a2200277 4500
001 - CONTROL NUMBER
control field 37169
003 - CONTROL NUMBER IDENTIFIER
rucl marc code BD-RjUL
005 - DATE AND TIME OF LATEST TRANSACTION
control field 20211209052602.0
008 - FIXED-LENGTH DATA ELEMENTS--GENERAL INFORMATION
fixed length control field 1406 s2012 bg a|||| mb|| 00| 0 ben d
035 ## - SYSTEM CONTROL NUMBER
System control number (BD-RjUL)37271
040 ## - CATALOGING SOURCE
Original cataloging agency BD-RjUL
Language of cataloging ben
Transcribing agency BD-RjUL
Modifying agency BD-RjUL
041 ## - LANGUAGE CODE
Language code of text/sound track or separate title ben
082 ## - DEWEY DECIMAL CLASSIFICATION NUMBER
Edition number 21
Classification number 953.02
Author mark and year KAU 2012
100 ## - MAIN ENTRY--PERSONAL NAME
Personal name কামরুজ্জামান, মুহাম্মদ
9 (RLIN) 112177
245 ## - TITLE STATEMENT
Title উমাইয়া খলিফা আব্দুল মালিকের আরবীয়করণ নীতি ও প্রশাসন ব্যবস্থা /
Statement of responsibility, etc. মুহাম্মদ কামরুজ্জামান ;
Linkage তত্ত্বাবধায়কঃ মো. শামসুজ্জোহা এছামী
260 ## - PUBLICATION, DISTRIBUTION, ETC. (IMPRINT)
Place of publication, distribution, etc. রাজশাহী :
Name of publisher, distributor, etc. ইসলামের ইতিহাস ও সংস্কৃতি বিভাগ, রাজশাহী বিশ্ববিদ্যালয়,
Date of publication, distribution, etc. ২০১২
300 ## - PHYSICAL DESCRIPTION
Pagination vii,২৪০ পাতা;
Size ২৯ সেমি.
502 ## - DISSERTATION NOTE
Dissertation note থিসিস (পিএইচ. ডি.)--ইসলামের ইতিহাস ও সংস্কৃতি বিভাগ, রাজশাহী বিশ্ববিদ্যালয়, ২০১২.
504 ## - BIBLIOGRAPHY, ETC. NOTE
Bibliography, etc গ্রন্থপঞ্জি: পাতা ২৩০-২৪০
600 ## - SUBJECT ADDED ENTRY--PERSONAL NAME
Personal name মালিক, আব্দুল,
Dates associated with a name --৬৪২-৭০৫
Titles and other words associated with a name উমাইয়া খলিফা
Geographic subdivision আরব
General subdivision সমালোচনা ও ব্যাখা
Personal name Malik, Abdul,
Dates associated with a name --642-705
Titles and other words associated with a name Ummaya Caliph
Geographic subdivision Arab
General subdivision Criticism and Interpretations
650 ## - SUBJECT ADDED ENTRY--TOPICAL TERM
Topical term or geographic name as entry element আরব
Form subdivision ইতিহাস
Chronological subdivision ৬২২-১৫১৭
9 (RLIN) 113667
Topical term or geographic name as entry element Arab
Form subdivision History
Chronological subdivision 622-1517
9 (RLIN) 113668
700 ## - ADDED ENTRY--PERSONAL NAME
Personal name এছামী, মো. শামসুজ্জোহা, তত্ত্বাবধায়ক
942 ## - ADDED ENTRY ELEMENTS (KOHA)
Source of classification or shelving scheme Dewey Decimal Classification
Koha item type Theses
Holdings
Lost status Source of classification or shelving scheme Damaged status Not for loan Collection code Permanent Location Current Location Shelving location Date acquired Source of acquisition Total Checkouts Full call number Date last seen Copy number Koha item type
  Dewey Decimal Classification   Not For Loan Theses Central Library, University of Rajshahi Central Library, University of Rajshahi Documentation Section 29/10/2013 Controller of Examination Office, R.U.   BTHE 953.02 KAU 2012 22/10/2014 C-1 Theses